[Event "2000+"]
[Site "SchemingMind.com"]
[Date "2009.09.17"]
[Round "-"]
[White "orso"]
[Black "jdcald13"]
[Result "1-0"]
[WhiteCountry "ITA"]
[BlackCountry "USA"]
[WhiteElo "2092"]
[WhiteRD "107"]
[BlackElo "1820"]
[BlackRD "52"]
[GameID "219976"]

1. e4 c6 2. d4 d5 3. e5 Bf5 4. Bd3 Bxd3 5. Qxd3 e6 6. Ne2 Qa5+ 7. c3 Qa6 8. Qxa6 Nxa6 9. Nd2 Ne7 10. Nf3 c5
11. O-O Nf5 12. dxc5 Bxc5 13. Rd1 Rc8 14. Ned4 Nxd4 15. Nxd4 Bxd4 16. Rxd4 Nb8 17. Rg4 g6 18. Bh6 Nd7 19. Rb4 Rc7 20. Re1 Kd8
21. Rh4 Rc4 22. Rxc4 dxc4 23. Re4 b5 24. Rh4 Ke7 25. f4 Nf8 26. Kf2 Rg8 27. Ke3 Kd7 28. g4 Kc6 29. Bxf8 Rxf8 30. Rxh7
1-0

[Event "2000+"]
[Site "SchemingMind.com"]
[Date "2009.09.16"]
[Round "-"]
[White "jdcald13"]
[Black "orso"]
[Result "0-1"]
[WhiteCountry "USA"]
[BlackCountry "ITA"]
[WhiteElo "1820"]
[WhiteRD "52"]
[BlackElo "2092"]
[BlackRD "107"]
[GameID "219977"]

1. c4 e5 2. Nc3 Nf6 3. g3 d5 4. cxd5 Nxd5 5. Bg2 Nb6 6. Nf3 Nc6 7. O-O Be7 8. a3 O-O 9. b4 Be6 10. Bb2 Nc4
11. Qc2 a5 12. b5 Nd4 13. Nxd4 exd4 14. Nb1 Bd5 15. d3 Bxg2 16. Kxg2 Qd5+ 17. Kg1 Nxb2 18. Qxb2 Bg5 19. a4 Rfe8 20. Na3 Re6
21. f4 Be7 22. Nc4 Bb4 23. Ra2 Rae8 24. Rf2 Be1 25. Rg2 Bb4 26. Qc2 Qf5 27. Ra1 Qc5 28. Rf1 R8e7
0-1

[Event "2000+"]
[Site "SchemingMind.com"]
[Date "2009.09.17"]
[Round "-"]
[White "Pedro Yanes"]
[Black "jdcald13"]
[Result "1-0"]
[WhiteCountry "USA"]
[BlackCountry "USA"]
[WhiteElo "2133"]
[WhiteRD "99"]
[BlackElo "2006"]
[BlackRD "62"]
[GameID "220160"]

1. c4 c5 2. Nc3 Nc6 3. g3 g6 4. Bg2 Bg7 5. Nf3 e6 6. O-O Nge7 7. Ne4 d6 8. Rb1 O-O 9. d3 f5 10. Nc3 d5
11. cxd5 exd5 12. Bf4 Be6 13. Nb5 a6 14. Nc7 Qd7 15. Ng5 Bf7 16. Nxa8 Rxa8 17. Re1 h6 18. Nxf7 Kxf7 19. Qc1 g5 20. Bd2 b6
21. Bc3 d4 22. Bd2 Rd8 23. Qc4+ Kg6 24. Qxa6 Rb8 25. b4 cxb4 26. Bxb4 Nxb4 27. Rxb4 Nc8 28. Reb1 Bf8 29. Rc4
1-0

[Event "2000+"]
[Site "SchemingMind.com"]
[Date "2009.09.16"]
[Round "-"]
[White "Pedro Yanes"]
[Black "orso"]
[Result "1-0"]
[WhiteCountry "USA"]
[BlackCountry "ITA"]
[WhiteElo "2153"]
[WhiteRD "101"]
[BlackElo "2092"]
[BlackRD "107"]
[GameID "220161"]

1. c4 e5 2. Nc3 Nf6 3. Nf3 Nc6 4. e3 Bb4 5. Be2 O-O 6. O-O e4 7. Nd4 d5 8. cxd5 Nxd4 9. exd4 Nxd5 10. Qb3 Nxc3
11. bxc3 Bd6 12. Re1 Rb8 13. Bc4 Bf5 14. g3 Qf6 15. Bd5 Rfe8 16. Ba3 Bxa3 17. Qxa3 c6 18. Bb3 a6 19. Re3 Qe7 20. Qa5 Bg6
21. d3 Qf8 22. dxe4 Rxe4 23. Rxe4 Bxe4 24. Qc7 Bg6 25. Re1 Qd8 26. Qe5 b6 27. h4 h5 28. f4 Qc8 29. Qd6 Kh7 30. f5 Bxf5
31. Bxf7 Qf8 32. Qxf8 Rxf8 33. Bxh5 Bd3 34. Kg2 Bc4 35. Bf3 Rf6 36. a3 Bd5 37. Re3 Bxf3+ 38. Rxf3 Re6 39. Kf2 Kg8 40. Re3 Kf7
41. Rxe6 Kxe6 42. Kf3 b5 43. Kf4 Kd5 44. g4
1-0

[Event "2000+"]
[Site "SchemingMind.com"]
[Date "2009.09.17"]
[Round "-"]
[White "jdcald13"]
[Black "Pedro Yanes"]
[Result "0-1"]
[WhiteCountry "USA"]
[BlackCountry "USA"]
[WhiteElo "2006"]
[WhiteRD "62"]
[BlackElo "2133"]
[BlackRD "99"]
[GameID "220162"]

1. c4 e6 2. g3 d5 3. cxd5 exd5 4. Bg2 Nf6 5. Nf3 Be7 6. O-O O-O 7. d4 Nc6 8. Nc3 Ne4 9. Bf4 Nxc3 10. bxc3 Bf5
11. Nd2 g5 12. Be3 Qd7 13. c4 dxc4 14. Nxc4 Rfd8 15. Qb3 Nxd4 16. Qxb7 Nxe2+ 17. Kh1 Bf6 18. Rae1 Rab8 19. Qxa7 Bd3 20. Na5 Nd4
21. Rg1 Qa4 22. Nc6 Qxa7 23. Nxa7 Rb2 24. Bxd4 Rxd4 25. Nc6 Ra4 26. f4 Raxa2 27. fxg5 Bxg5 28. h4 Bf6 29. Kh2 Bc4 30. Rd1 Be2
0-1

[Event "2000+"]
[Site "SchemingMind.com"]
[Date "2009.09.17"]
[Round "-"]
[White "orso"]
[Black "Pedro Yanes"]
[Result "1-0"]
[WhiteCountry "ITA"]
[BlackCountry "USA"]
[WhiteElo "2126"]
[WhiteRD "108"]
[BlackElo "2114"]
[BlackRD "99"]
[GameID "220163"]

1. e4 e6 2. d4 d5 3. Nd2 dxe4 4. Nxe4 Be7 5. Nf3 Nf6 6. Bd3 O-O 7. O-O Nxe4 8. Bxe4 Nd7 9. Qe2 Nf6 10. Bd3 b6
11. c4 Bb7 12. Rd1 Qd6 13. Ne5 Nd7 14. Bf4 Nxe5 15. Bxe5 Qd7 16. Qc2 f5 17. Qc3 Bd6 18. Be2 Rad8 19. c5 Bxe5 20. dxe5 Bd5
21. cxb6 cxb6 22. Bc4 f4 23. Bxd5 exd5 24. Rd3 Qe6 25. Re1 Rf5 26. Qd4 b5 27. b3 b4 28. h3 a5 29. Qc5 Rxe5 30. Rxe5 Qxe5
31. Qxa5 Rc8 32. Qxb4 Rc1+ 33. Kh2 Rc2 34. Rd2 Rxd2 35. Qxd2 d4 36. Qd3 h5 37. a4 Kf7 38. b4 h4 39. b5 f3+ 40. Kg1 Qe1+
41. Qf1 Qc3 42. Qd1 d3 43. Qxf3+ Ke6 44. Qg4+ Kd6 45. b6 Qe1+ 46. Kh2 Kc6 47. Qg6+ Kb7 48. Qxg7+ Kxb6 49. Qd4+ Kc7 50. Qxd3 Qxf2
51. a5 Qe1 52. Qh7+ Kc6 53. Qg6+ Kd5 54. Qg7 Kc6 55. a6 Kb6 56. a7 Qa5 57. Qd4+ Kb7 58. Qxh4 Kxa7 59. Qe7+
1-0

[Event "2000+"]
[Site "SchemingMind.com"]
[Date "2009.09.22"]
[Round "-"]
[White "Aumonde"]
[Black "orso"]
[Result "1-0"]
[WhiteCountry "USA"]
[BlackCountry "ITA"]
[WhiteElo "2264"]
[WhiteRD "65"]
[BlackElo "2099"]
[BlackRD "112"]
[GameID "220746"]

1. e4 c5 2. c3 d5 3. exd5 Qxd5 4. d4 Nf6 5. Nf3 Bg4 6. Be2 e6 7. h3 Bh5 8. O-O Nc6 9. Be3 cxd4 10. cxd4 Be7
11. Nc3 Qd6 12. Nb5 Qd8 13. Ne5 Bxe2 14. Qxe2 O-O 15. Rac1 Nxe5 16. dxe5 Nd5 17. Rfd1 Qa5 18. Nd6 Nxe3 19. Qxe3 Qxa2 20. Qd4 Bd8
21. Nxb7 Bb6 22. Qc3 Qa6 23. Nd6 Qe2 24. Rf1 Rad8 25. Rc2 Qh5 26. Re1 Rd7 27. Qb4 Qg5 28. Rc6 Rfd8 29. Re4 Qh5 30. Qd2 Qf5
31. Qe2 Qg5 32. Rg4 Qe7 33. Rgc4 Qg5= 34. Kh2 Kf8 35. f4 Qg6 36. Rc1 Kg8 37. b4 f6 38. f5
1-0

[Event "2000+"]
[Site "SchemingMind.com"]
[Date "2009.09.22"]
[Round "-"]
[White "Aumonde"]
[Black "Pedro Yanes"]
[Result "1/2-1/2"]
[WhiteCountry "USA"]
[BlackCountry "USA"]
[WhiteElo "2190"]
[WhiteRD "67"]
[BlackElo "2153"]
[BlackRD "101"]
[GameID "220747"]

1. d4 e6 2. c4 d5 3. Nc3 Nf6 4. Bg5 Bb4 5. e3 O-O 6. Nf3 h6 7. Bxf6 Bxc3+ 8. bxc3 Qxf6 9. Rb1 Nc6 10. Bd3 dxc4
11. Bxc4 e5 12. O-O exd4 13. cxd4 Rb8 14. Qc2 Bf5 15. Bd3 Bxd3 16. Qxd3 Ne7 17. Rfc1 c6 18. Qa3 a6 19. Rb3 Qe6 20. Ne5 Nd5
21. Qb2 f6 22. Nd3 b6 23. Nc5 Qc8 24. Na4 b5 25. Nc5 f5 26. Nd3 Qe6 27. Qa3 Rfc8 28. Rb2 Nb6 29. Rbc2 Nc4 30. Qb3 Re8
31. Nc5 Qc8 32. Qd3 a5 33. Nb3 f4 34. e4 Qg4 35. h3 Qg6 36. Nc5 Red8 37. Rd1 Ne5 38. Qb3+ Kh7 39. Rc3 f3 40. g3 Nd7
41. Nxd7 Rxd7 42. d5 Qxe4 43. dxc6 Rc7 44. Qd5 Qxd5 45. Rxd5 b4 46. Rc1 Rb6 47. Rxa5 Rbxc6 48. Rxc6 Rxc6 49. Ra4 Rc1+ 50. Kh2 Rc2
51. g4 Rxf2+ 52. Kg3 Rb2 53. Kxf3=
1/2-1/2

[Event "2000+"]
[Site "SchemingMind.com"]
[Date "2009.09.21"]
[Round "-"]
[White "orso"]
[Black "Aumonde"]
[Result "0-1"]
[WhiteCountry "ITA"]
[BlackCountry "USA"]
[WhiteElo "2052"]
[WhiteRD "106"]
[BlackElo "2298"]
[BlackRD "61"]
[GameID "220749"]

1. e4 c5 2. Nf3 Nc6 3. d4 cxd4 4. Nxd4 e5 5. Nb5 a6 6. Nd6+ Bxd6 7. Qxd6 Qf6 8. Qxf6 Nxf6 9. Nc3 d5 10. exd5 Nb4
11. Bd3 O-O 12. O-O Rd8 13. Bg5 Nbxd5 14. Ne4 h6 15. Nxf6+ Nxf6 16. Bxf6 gxf6 17. f4 Be6 18. Rae1 Rd5 19. Bc4 Rd6 20. Bxe6 Rxe6
21. Rd1 Rc8 22. c3 e4 23. Rd5 e3 24. Rc1 Rc4 25. g3 Rcc6 26. Kf1 Re8 27. Ke2 Rb6 28. b3 Rbe6 29. c4 Kg7 30. Rd7 b6
31. Rd5 Rc8 32. Rc3 Rce8 33. Rcd3 R8e7 34. a4 a5= 35. f5 Re5 36. Rb5 Rxb5 37. axb5 Rc7 38. Rd4 h5 39. Kxe3 Re7+ 40. Kf3 Rc7
41. Rd6 a4
0-1

[Event "2000+"]
[Site "SchemingMind.com"]
[Date "2009.09.21"]
[Round "-"]
[White "Pedro Yanes"]
[Black "Aumonde"]
[Result "1-0"]
[WhiteCountry "USA"]
[BlackCountry "USA"]
[WhiteElo "2154"]
[WhiteRD "98"]
[BlackElo "2217"]
[BlackRD "68"]
[GameID "220750"]

1. c4 Nf6 2. Nf3 c6 3. d4 d5 4. e3 Bf5 5. Nc3 e6 6. Nh4 Bg4 7. Qb3 b6 8. h3 Bh5 9. cxd5 Nxd5 10. Nxd5 cxd5
11. Bb5+ Nd7 12. Nf3 Bxf3 13. gxf3 Be7 14. Rg1 Bf6 15. Kf1 a6 16. Bd3 Qb8 17. Kg2 O-O 18. Bd2 Rd8 19. f4 Be7 20. Rac1 Qb7
21. Rc3 Bd6 22. a4 e5 23. fxe5 Nxe5 24. dxe5 d4+ 25. Kf1 dxc3 26. Bxc3 Bf8 27. Qc2 Qf3 28. Bxh7+ Kh8 29. Be4 Qd1+ 30. Kg2 Qxc2
31. Bxc2 Ra7 32. Bf5 g6 33. Be4 Rc7 34. f4 Rc4 35. Kf3 Bg7 36. a5 b5 37. Bd4 Kg8 38. Bb7 Ra4 39. Bb6 Rd3 40. Bxa6 Rb3
41. Rg2 Bh6 42. Kg4 Bg7 43. Kg5 Bf8 44. Bb7 Rd3 45. a6 Rd7 46. f5 b4 47. fxg6 fxg6 48. Rc2 Kh7 49. b3 Ra3 50. e6 Re7
51. Kf6 Ra1 52. e4 Rg7 53. Rc7 Be7+= 54. Ke5 Kg8= 55. a7 Rh7 56. a8=Q+ Rxa8 57. Bxa8 Rh5+ 58. Kd4 Rh7 59. Kc4 Bh4 60. Rxh7 Kxh7
61. Bd5 Kg7 62. Bc5
1-0

[Event "2000+"]
[Site "SchemingMind.com"]
[Date "2009.09.29"]
[Round "-"]
[White "Chess_Man01"]
[Black "Aumonde"]
[Result "1-0"]
[WhiteCountry "GBR"]
[BlackCountry "USA"]
[WhiteElo "2337"]
[WhiteRD "85"]
[BlackElo "2298"]
[BlackRD "61"]
[GameID "221441"]

1. d4 d5 2. c4 c6 3. Nf3 Nf6 4. Nc3 dxc4 5. a4 Bf5 6. Ne5 Nbd7 7. Nxc4 Qc7 8. g3 e5 9. dxe5 Nxe5 10. Bf4 Rd8
11. Qc1 Bd6 12. Nxd6+ Qxd6 13. Bg2 O-O 14. O-O Rfe8 15. Qe3 Qd4 16. Qxd4 Rxd4 17. Rad1 Rb4 18. Bxe5 Rxe5 19. e4 Bc8 20. f4 Re8
21. e5 Ng4 22. Rfe1 Rxb2 23. Ne4 Ra2 24. Nd6 Rf8 25. h3 Nh6 26. g4 Rxa4 27. f5 Rb4 28. e6 fxe6 29. fxe6 Bxe6 30. Rxe6 Nf7
31. Re7 Rd8 32. Bd5 cxd5 33. Nxf7 Rf8 34. Nd6 a5 35. Rxd5 a4 36. Nf5 Kh8 37. Nxg7 a3 38. Ra5 Rb3 39. Nh5 Rb6 40. Rxa3 h6
41. Rd3
1-0

[Event "2000+"]
[Site "SchemingMind.com"]
[Date "2009.09.29"]
[Round "-"]
[White "Chess_Man01"]
[Black "jdcald13"]
[Result "1-0"]
[WhiteCountry "GBR"]
[BlackCountry "USA"]
[WhiteElo "2327"]
[WhiteRD "70"]
[BlackElo "1820"]
[BlackRD "52"]
[GameID "221442"]

1. e4 c6 2. d4 d5 3. e5 Bf5 4. Nf3 e6 5. Be2 Ne7 6. O-O h6 7. Nbd2 Nd7 8. Nb3 a5 9. a4 Qc7 10. Nh4 Bh7
11. Be3 Nf5 12. Nxf5 Bxf5 13. Bg4 Bxg4 14. Qxg4 g5 15. f4 gxf4 16. Rxf4 h5 17. Qh3 Bh6 18. Rf2 Bxe3 19. Qxe3 Nf8 20. Raf1 Rh7
21. c4
1-0

[Event "2000+"]
[Site "SchemingMind.com"]
[Date "2009.09.28"]
[Round "-"]
[White "Chess_Man01"]
[Black "orso"]
[Result "1/2-1/2"]
[WhiteCountry "GBR"]
[BlackCountry "ITA"]
[WhiteElo "2309"]
[WhiteRD "72"]
[BlackElo "2144"]
[BlackRD "114"]
[GameID "221443"]

1. e4 c5 2. b4 cxb4 3. a3 d5 4. exd5 Qxd5 5. Nf3 e5 6. axb4 Bxb4 7. c3 Be7 8. Na3 Bxa3 9. Bxa3 Nc6 10. Be2 Nge7
11. O-O O-O 12. d4 exd4 13. Nxd4 Rd8 14. Bf3 Qc4 15. Re1 Ng6 16. Re3 Nce5 17. Be4 Ng4 18. Rg3 Nf6 19. Bxg6 fxg6 20. Be7 Re8
21. Bxf6 gxf6 22. h4 a5 23. h5 g5 24. h6 Qd5 25. Rd3 Qc5 26. Qb3+ Kh8 27. Qb5 Qf8 28. Nc2=
1/2-1/2

[Event "2000+"]
[Site "SchemingMind.com"]
[Date "2009.09.29"]
[Round "-"]
[White "Chess_Man01"]
[Black "Pedro Yanes"]
[Result "1-0"]
[WhiteCountry "GBR"]
[BlackCountry "USA"]
[WhiteElo "2309"]
[WhiteRD "72"]
[BlackElo "2126"]
[BlackRD "95"]
[GameID "221444"]

1. e4 e6 2. d4 d5 3. Nc3 dxe4 4. Nxe4 Nd7 5. Nf3 Ngf6 6. Nxf6+ Nxf6 7. Bg5 h6 8. Bh4 Be7 9. Bd3 O-O 10. Qe2 Bd7
11. Ne5 Nd5 12. Bxe7 Qxe7 13. Qe4 f5 14. Qe2 Bc6 15. O-O-O Nf4 16. Qe3 Nxg2 17. Qg3 Qg5+ 18. Qxg5 hxg5 19. Rhg1 Nf4 20. Rxg5 Rae8
21. Rdg1 Re7 22. Bf1 Rd8 23. c3 Be4 24. b4 Bd5 25. a3 Bc6 26. R1g3 Be4 27. Kd2 Rd6 28. Bc4 a6 29. Ba2 a5 30. b5 Bd5
31. Bxd5 Nxd5 32. Ng6 Re8 33. Rh3 Kf7 34. Ne5+ Kg8 35. Rgh5 Kf8 36. Rh8+ Ke7 37. Rxe8+ Kxe8 38. Rh8+ Ke7 39. Rg8 g5 40. Rxg5 Kf8
41. c4 Nf6 42. Ke3 Ne4 43. Rg2 Rd8 44. Rg6
1-0

[Event "2000+"]
[Site "SchemingMind.com"]
[Date "2009.09.29"]
[Round "-"]
[White "Aumonde"]
[Black "Chess_Man01"]
[Result "0-1"]
[WhiteCountry "USA"]
[BlackCountry "GBR"]
[WhiteElo "2264"]
[WhiteRD "65"]
[BlackElo "2314"]
[BlackRD "82"]
[GameID "221445"]

1. d4 Nf6 2. c4 e6 3. Nf3 b6 4. g3 Ba6 5. b3 Bb4+ 6. Bd2 Be7 7. Bg2 c6 8. Bc3 d5 9. Ne5 Nfd7 10. Nxd7 Nxd7
11. Nd2 O-O 12. O-O Rc8 13. Re1 f5 14. e3 Nf6 15. h4 Ne4 16. Nxe4 fxe4 17. a4 Qe8 18. a5 b5 19. c5 b4 20. Bxb4 Rf6
21. Ra2 Qf7 22. Bc3 Rf8 23. Bh3 Kh8 24. Qc2 Rh6 25. Qd1 Bxh4 26. Qg4 Bd8 27. Rc1 Rg6 28. Qd1 Rg5 29. Bf1 Bxf1 30. Qxf1 Rh5
31. Qg2 Qf3 32. Qxf3 exf3 33. Bd2 Bg5 34. Ra4= Rf6 35. Rb4 Kg8 36. Rb8+ Kf7 37. Rb7+ Ke8 38. g4 Rh4
0-1

[Event "2000+"]
[Site "SchemingMind.com"]
[Date "2009.09.29"]
[Round "-"]
[White "jdcald13"]
[Black "Chess_Man01"]
[Result "0-1"]
[WhiteCountry "USA"]
[BlackCountry "GBR"]
[WhiteElo "1820"]
[WhiteRD "52"]
[BlackElo "2327"]
[BlackRD "70"]
[GameID "221446"]

1. c4 e5 2. Nc3 Nf6 3. g3 Bb4 4. Bg2 O-O 5. Nf3 Nc6 6. O-O e4 7. Ng5 Bxc3 8. bxc3 Re8 9. Qc2 Qe7 10. d3 exd3
11. exd3 d6 12. Be3 Bf5 13. Rab1 Ne5 14. Rxb7 Bxd3 15. Qd1 Bxc4 16. Bxa7 Ba6 17. Qb3 Nfg4 18. h4 h6 19. Ne4 Bxf1 20. Kxf1 d5
0-1

[Event "2000+"]
[Site "SchemingMind.com"]
[Date "2009.09.28"]
[Round "-"]
[White "orso"]
[Black "Chess_Man01"]
[Result "0-1"]
[WhiteCountry "ITA"]
[BlackCountry "GBR"]
[WhiteElo "2099"]
[WhiteRD "112"]
[BlackElo "2314"]
[BlackRD "82"]
[GameID "221447"]

1. e4 c5 2. Nf3 d6 3. d4 cxd4 4. Nxd4 Nf6 5. Nc3 a6 6. Bg5 e6 7. f4 Qb6 8. Nb3 Be7 9. Qf3 Nbd7 10. O-O-O Qc7
11. Bd3 b5 12. Rhe1 b4 13. Ne2 Bb7 14. Kb1 h6 15. Bh4 O-O 16. Qh3 a5 17. Ned4 a4 18. Nb5 Qd8 19. N3d4 Nc5 20. e5 dxe5
21. Rxe5 Qb6 22. Bc4 b3 23. f5 Ncd7 24. Re2 bxa2+ 25. Kxa2 Qc5 26. Na3 e5 27. Ndb5 Nb6 28. Bf2 Qc6 29. Bxb6 Qxb6 30. Rxe5 Bc5
31. Qg3 Rac8 32. Re2 Ba6 33. Bd3 Rfd8 34. Red2 Bxb5 35. Nxb5 a3 36. b3 Nd5 37. c3 Bd6
0-1

[Event "2000+"]
[Site "SchemingMind.com"]
[Date "2009.09.29"]
[Round "-"]
[White "Pedro Yanes"]
[Black "Chess_Man01"]
[Result "0-1"]
[WhiteCountry "USA"]
[BlackCountry "GBR"]
[WhiteElo "2114"]
[WhiteRD "99"]
[BlackElo "2335"]
[BlackRD "74"]
[GameID "221448"]

1. c4 e5 2. Nc3 Nf6 3. Nf3 Nc6 4. d4 exd4 5. Nxd4 Bb4 6. Nxc6 bxc6 7. f3 O-O 8. Kf2 Re8 9. e3 d5 10. cxd5 cxd5
11. Bb5 Re5 12. a3 Bf8 13. b4 c5 14. Bc6 Rb8 15. b5 Bb7 16. Bxb7 Rxb7 17. Qc2 d4 18. Rd1 Qb6 19. Na4 Qxb5 20. e4 Rbe7
21. Rb1 Nxe4+ 22. fxe4 Qc6 23. Re1 Rxe4 24. Rxe4 Rxe4 25. Qd1 c4 26. Qf3 Qg6 27. Rb2 Re6 28. g3 Rf6 29. Bf4 Qf5 30. Qa8 Re6
31. h4 c3 32. Re2 c2
0-1

[Event "2000+"]
[Site "SchemingMind.com"]
[Date "2009.10.03"]
[Round "-"]
[White "goodknight"]
[Black "Aumonde"]
[Result "1/2-1/2"]
[WhiteCountry "POL"]
[BlackCountry "USA"]
[WhiteElo "2336"]
[WhiteRD "95"]
[BlackElo "2302"]
[BlackRD "65"]
[GameID "221602"]

1. e4 d5 2. exd5 Qxd5 3. Nc3 Qa5 4. d4 Nf6 5. Nf3 c6 6. Bc4 Bg4 7. h3 Bxf3 8. Qxf3 Nbd7 9. O-O e6 10. Bf4 Nb6
11. Be2 Bb4 12. Ne4 Nxe4 13. Qxe4 O-O 14. c3 Be7 15. Be5 Nd7 16. Bd3 f5 17. Qe2 Nxe5 18. dxe5 c5 19. Qf3 Qb6 20. Rad1 Rad8
21. b3 Bg5 22. Rfe1 Kh8 23. Bc4 Be7 24. a4 a5 25. Rxd8 Rxd8 26. h4 g6 27. h5 Kg7 28. g3 Bg5 29. Kg2 Be7 30. hxg6 hxg6
31. g4 Rf8 32. Rd1 Qc7 33. Bxe6 Qxe5 34. gxf5 gxf5 35. Bd5 Rd8 36. c4 b6 37. Kf1 Qf6 38. Qg3+ Qg6= 39. Re1 Bd6 40. Qd3 Qg5
41. Re6 Qc1+ 42. Ke2 Qf4 43. Qc3+ Qd4 44. Qc1 Qh4 45. Qb2+=
1/2-1/2

[Event "2000+"]
[Site "SchemingMind.com"]
[Date "2009.10.04"]
[Round "-"]
[White "goodknight"]
[Black "jdcald13"]
[Result "1-0"]
[WhiteCountry "POL"]
[BlackCountry "USA"]
[WhiteElo "2263"]
[WhiteRD "73"]
[BlackElo "2006"]
[BlackRD "62"]
[GameID "221603"]

1. e4 c6 2. d4 d5 3. e5 Bf5 4. Nf3 Nd7 5. c3 e6 6. Be2 h6 7. O-O c5 8. Be3 Qb6 9. b3 Rc8 10. Nbd2 Qa5
11. dxc5 Qxc3 12. Bb5 Bxc5 13. Rc1 Qb4 14. Nc4 Ne7 15. Bxc5
1-0

[Event "2000+"]
[Site "SchemingMind.com"]
[Date "2009.10.04"]
[Round "-"]
[White "goodknight"]
[Black "Chess_Man01"]
[Result "1-0"]
[WhiteCountry "POL"]
[BlackCountry "GBR"]
[WhiteElo "2336"]
[WhiteRD "95"]
[BlackElo "2252"]
[BlackRD "88"]
[GameID "221604"]

1. e4 c5 2. Nf3 d6 3. d4 cxd4 4. Nxd4 Nf6 5. Nc3 a6 6. Be3 e6 7. f3 b5 8. Qd2 Nbd7 9. g4 h6 10. O-O-O Bb7
11. h4 b4 12. Na4 Qa5 13. b3 Nc5 14. a3 Rc8 15. Qxb4 Qc7 16. Nxc5 dxc5 17. Qa4+ Nd7 18. Ne2 c4 19. Bf4 Qc6 20. Kb2 Qxa4
21. bxa4 Be7 22. Nc3 Bf6 23. Be2 g5 24. hxg5 hxg5 25. Bd2 Rxh1 26. Rxh1 Kf8 27. Ka2 Kg7 28. Rb1 Bc6 29. a5 Kg6= 30. Bxc4 Bxc3
31. Bxc3 Bxe4 32. Bxa6 Bd5+ 33. Kb2 Rb8+ 34. Kc1 Bxf3 35. Rxb8 Nxb8 36. Bc8 Be2 37. Kd2 Bc4= 38. Be5 Nc6 39. Bc7 f5 40. gxf5+ exf5
41. Bb7 Bb5 42. a6 f4 43. Bb6 g4 44. a7
1-0

[Event "2000+"]
[Site "SchemingMind.com"]
[Date "2009.10.01"]
[Round "-"]
[White "goodknight"]
[Black "orso"]
[Result "1-0"]
[WhiteCountry "POL"]
[BlackCountry "ITA"]
[WhiteElo "2300"]
[WhiteRD "103"]
[BlackElo "2052"]
[BlackRD "106"]
[GameID "221605"]

1. e4 c5 2. Nf3 d6 3. d4 cxd4 4. Nxd4 a6 5. Nc3 Nf6 6. Be3 e5 7. Nb3 Be6 8. f3 Nbd7 9. Qd2 b5 10. O-O-O Nb6
11. Qf2 Nc4 12. Bxc4 bxc4 13. Na5 Qd7 14. g4 Be7 15. g5 Nh5 16. Nd5 Bxd5 17. Rxd5 Qa4 18. Kb1 O-O 19. Qh4 g6 20. b3 Rab8
21. Ka1 cxb3 22. cxb3 Qd7 23. Rhd1 Rb5 24. Nc4 Rxd5 25. Rxd5 f6 26. Kb2 Qe6 27. Ra5 fxg5 28. Qg4 Qxg4 29. fxg4 Nf6 30. Bxg5 Kf7
31. Bxf6 Kxf6 32. Rxa6 Ke6 33. a4 Rf4 34. a5 Rxe4 35. Rb6 Re2+ 36. Kb1 Re1+ 37. Ka2 Re2+ 38. Ka3 Re1 39. Ka4 Ra1+ 40. Kb5 e4
41. a6 h5 42. gxh5 gxh5 43. b4
1-0

[Event "2000+"]
[Site "SchemingMind.com"]
[Date "2009.10.02"]
[Round "-"]
[White "goodknight"]
[Black "Pedro Yanes"]
[Result "1-0"]
[WhiteCountry "POL"]
[BlackCountry "USA"]
[WhiteElo "2271"]
[WhiteRD "94"]
[BlackElo "2126"]
[BlackRD "95"]
[GameID "221606"]

1. e4 e6 2. d4 d5 3. Nc3 Bb4 4. e5 c5 5. a3 Ba5 6. b4 cxb4 7. Nb5 a6 8. Nd6+ Kf8 9. Bd2 bxa3 10. Rxa3 Bc7
11. Bb4 Ne7 12. Qh5 Bxd6 13. Bxd6 Nc6 14. Nf3 Kg8 15. Qh4 Qd7 16. Bd3 a5 17. O-O b6 18. Rb1 Ba6 19. Rxb6 Bxd3 20. Rxd3 a4
21. Ra3 h5 22. Bxe7 Nxe7 23. c3 Nc6 24. Qf4 Na5 25. Nd2 Nc6 26. Qf3 g6 27. Rb1 Ra7 28. Rba1 Kh7 29. h3 Rha8 30. Qf4 Kg7
31. g4 hxg4 32. hxg4 Qe7 33. g5 Qd7 34. Kg2 Rh8 35. Qf6+ Kg8 36. Rxa4 Rxa4 37. Rxa4 Ne7 38. Ra6 Qe8 39. Nb3 Nf5 40. Nc5 Ng7
41. Rd6 Nh5 42. Qd8 Qxd8 43. Rxd8+ Kg7 44. Rd7 Re8 45. Kf3 Kf8 46. Rc7 Re7 47. Rc8+ Re8 48. Nd7+ Ke7 49. Rxe8+ Kxe8 50. Nf6+ Nxf6
51. gxf6 Kf8 52. Ke3 Ke8 53. Kd2 Kd7 54. Kc2 Kc6 55. Kb3
1-0

[Event "2000+"]
[Site "SchemingMind.com"]
[Date "2009.10.03"]
[Round "-"]
[White "Aumonde"]
[Black "goodknight"]
[Result "1/2-1/2"]
[WhiteCountry "USA"]
[BlackCountry "POL"]
[WhiteElo "2302"]
[WhiteRD "65"]
[BlackElo "2336"]
[BlackRD "95"]
[GameID "221607"]

1. d4 d5 2. c4 c6 3. Nf3 e6 4. Nc3 Nf6 5. e3 Nbd7 6. Bd3 dxc4 7. Bxc4 b5 8. Bd3 Bb7 9. O-O a6 10. e4 c5
11. d5 Qc7 12. dxe6 fxe6 13. Bc2 Qc6 14. Bf4 Rd8 15. Qe2 Be7 16. e5 Nd5 17. Nxd5 Qxd5 18. Rfd1 Qc6 19. Bg5 Nb6 20. Rxd8+ Bxd8
21. Bxd8 Kxd8 22. Rd1+ Kc8 23. Rd6 Qc7 24. Be4 Rd8 25. Bxb7+ Qxb7 26. Ng5 Rxd6 27. exd6 Qd5 28. Qxe6+ Qxe6 29. Nxe6 c4 30. Kf1 Na4
31. b3 Nc3 32. Nxg7 Nxa2 33. bxc4 bxc4 34. Ke1 Kd7= 35. Nf5 c3 36. Kd1 Nb4 37. f4 a5 38. Nd4 Nd5 39. g3=
1/2-1/2

[Event "2000+"]
[Site "SchemingMind.com"]
[Date "2009.10.04"]
[Round "-"]
[White "jdcald13"]
[Black "goodknight"]
[Result "0-1"]
[WhiteCountry "USA"]
[BlackCountry "POL"]
[WhiteElo "2006"]
[WhiteRD "62"]
[BlackElo "2263"]
[BlackRD "73"]
[GameID "221608"]

1. c4 Nf6 2. Nc3 e6 3. g3 d5 4. cxd5 exd5 5. Bg2 c5 6. d4 cxd4 7. Qxd4 Nc6 8. Qa4 d4 9. Nb5 Bb4+ 10. Kf1 O-O
11. Bxc6 bxc6 12. Qxb4 cxb5 13. Qxb5 Rb8 14. Qd3 Rb6 15. h3 Qd5 16. Nf3 Ba6 17. Qxd4 Qxf3
0-1

[Event "2000+"]
[Site "SchemingMind.com"]
[Date "2009.10.04"]
[Round "-"]
[White "Chess_Man01"]
[Black "goodknight"]
[Result "0-1"]
[WhiteCountry "GBR"]
[BlackCountry "POL"]
[WhiteElo "2210"]
[WhiteRD "89"]
[BlackElo "2363"]
[BlackRD "96"]
[GameID "221609"]

1. e4 c5 2. b4 cxb4 3. a3 d5 4. exd5 Qxd5 5. Nf3 e5 6. axb4 Bxb4 7. c3 Be7 8. Na3 Nc6 9. Nb5 Qd8 10. d4 exd4
11. Bf4 Kf8 12. Nc7 Rb8 13. Nxd4 Nxd4 14. Qxd4 Qxd4 15. cxd4 Bb4+ 16. Ke2 Ne7 17. Na6 bxa6 18. Bxb8 Nc6 19. Bc7 Nxd4+ 20. Kd1 Ne6
21. Ra4 Be7 22. Be5 f6 23. Bg3 h5 24. Bc4 Nc5 25. Ra2 Bb7 26. Rb2 h4 27. Bc7 h3 28. g3 g5 29. Re1 Rh5 30. f4 gxf4
31. Bxf4 Bf3+ 32. Kc2 Nd7 33. Kb1 Nb6 34. Bxa6 Ra5 35. Ra2 Rxa2 36. Kxa2 Nd5 37. Bh6+ Kf7 38. Bc4 Kg6 39. Bd2 Bc5 40. Bd3+ Kf7
41. Kb3 Bg2 42. Be4 Ne7 43. Bb4 Bf2 44. Re2 Bxe4 45. Rxf2 Nd5 46. Bc3 f5 47. Bd4 a6 48. Kc4 Ke6 49. Rb2 Bg2 50. Re2+ Be4=
51. g4 Nc7 52. Re3 Kf7
0-1

[Event "2000+"]
[Site "SchemingMind.com"]
[Date "2009.10.01"]
[Round "-"]
[White "orso"]
[Black "goodknight"]
[Result "0-1"]
[WhiteCountry "ITA"]
[BlackCountry "POL"]
[WhiteElo "2052"]
[WhiteRD "106"]
[BlackElo "2300"]
[BlackRD "103"]
[GameID "221610"]

1. e4 c5 2. Nf3 d6 3. d4 cxd4 4. Nxd4 Nf6 5. Nc3 a6 6. Bg5 e6 7. f4 Qb6 8. Nb3 Be7 9. Qf3 Nbd7 10. O-O-O Qc7
11. Bd3 b5 12. Rhe1 b4 13. Ne2 Bb7 14. Ned4 Nc5 15. Kb1 Nxd3 16. Qxd3 O-O 17. e5 dxe5 18. fxe5 Nd5 19. Nf3 a5 20. Nbd4 a4
21. Nb5 Qc5 22. Bxe7 Qxe7 23. Nd6 a3 24. c4 bxc3 25. bxc3 f6 26. Ka1 Nf4 27. Qc2 Bc6 28. Qd2 fxe5 29. Nxe5 Bd5 30. Ndf7 Nxg2
31. Rf1 Rac8 32. Rf2 Rb8 33. Rxg2 Bxg2 34. Qxg2 Rxf7 35. Nxf7 Qxf7 36. Qc6 Qe7 37. h3 Rf8 38. Re1 h6 39. Kb1 Kh8 40. Qxe6 Qc7
0-1